Rock and Metal band name synonyms #2 - Statistics

General Stats
  • This quiz has been taken 41 times
  • The average score is 5 of 16
Answer Stats
Synonym Band % Correct
Shore Lads Beach Boys
58%
22.86 Centimeter Fasteners Nine Inch Nails
55%
Robert Undead Rob Zombie
55%
Fornication Firearms Sex Pistols
53%
Child Stone Kid Rock
50%
The Fetishes The Kinks
45%
Ferum Lady Iron Maiden
40%
Anal Wave Riders Butthole Surfers
33%
Killer Slayer
33%
Visually Impaired Protector Blind Guardian
20%
Corpse Carcass
18%
Buried Entombed
18%
Meat Allah End of the World Fleshgod Apocalypse
15%
Outsiders Misfits
10%
Circles of Cronos Rings of Saturn
8%
Scattergun Savior Shotgun Messiah
5%
No matching quizzes found
Score Distribution
Percent of People with Each Score
Percentile by Number Answered
Your Score History
You have not taken this quiz